00466 2200205 4500001002100000008004100021035002000062245003800082100002000120250000600140260001900146300001200165084001400177082000800191650001300199990001200212990001200224990001200236990001200248INLIS000000000000670 ind  a0010-0424000646 aBermain InternetcSuharno Widi N. aWidi N, Suharno a1 aJakarta :bBSD a112 hlm a600 SUH b a600 aNonfiksi a0721734 a0721735 a0721736 a0721737